000 00841nac a22002531u 4500
008 131028s2013 nyu|||||r|||| 001 0 eng d
010 _a 2005052270
020 _a 1259071391
020 _a9781259071393
035 _a(OCoLC)ocm61204475
082 0 0 _a621.31924
_bALE
_222
100 _aAlexander, Charles K.
_934244
245 1 0 _aFundamentals of electric circuits /
_cCharles K. Alexander, Matthew N.O. Sadiku.
250 _a5th ed.
260 _aNew York:
_bMcGraw-Hill,
_c2013
300 _axxii, 905, [117] p. :
_bill. ;
_c27 cm.
504 _aIncludes bibliographical references(B1-B2) and index.
511 _acatalogued by: wessam
650 0 _aElectric circuits.
_934245
653 _bMec
_cOctober2013
655 _vreading book
_934232
700 1 _aSadiku, Matthew N. O.
_934246
942 _cNB
_k621.31924ALE
_2ddc
999 _c17690
_d17662